[Event "Calcutta op2"]
[Site "Calcutta"]
[Date "1994.??.??"]
[Round "?"]
[White "Anilkumar, N R."]
[Black "Mithrakanth, Poorna Sharma"]
[Result "1-0"]
[WhiteElo "2335"]
[BlackElo "2370"]

1.d4 Nf6 2.c4 e6 3.Nf3 Bb4+ 4.Bd2 Qe7 5.g3 Bxd2+ 6.Qxd2 d6 7.Nc3 e5 8.h3 e4
9.Ng1 c6 10.e3 d5 11.cxd5 cxd5 12.Nge2 Nc6 13.Nf4 Be6 14.Bg2 g5 15.Nxe6 fxe6
16.f3 e5 17.fxe4 exd4 18.exd4 Nxe4 19.Bxe4 dxe4 20.O-O-O O-O-O 21.Qe3 Rhe8
22.Rhe1 Nb4 23.d5 Kb8 24.a3 Na6 25.Qxe4 Qd7 26.Qg4 Qxg4 27.hxg4 Nc5 28.Kc2 h6
29.b4 Nd7 30.Re6 Ne5 31.Rxe8 Rxe8 32.Re1 a6 33.d6 Kc8 34.Nd5 Re6 35.Nb6+ Kd8
36.Nc4 Nf3 37.Rxe6 Nd4+ 38.Kd3 Nxe6 39.Ne5 Ng7 40.Ke4 h5 41.gxh5 Nxh5 42.Kf5 Ke8
43.g4  1-0

[Event "Calcutta op2"]
[Site "Calcutta"]
[Date "1994.??.??"]
[Round "?"]
[White "Imocha, Laisram"]
[Black "Mithrakanth, Poorna Sharma"]
[Result "1-0"]
[WhiteElo "2285"]
[BlackElo "2370"]

1.d4 Nf6 2.c4 e6 3.Nf3 Bb4+ 4.Bd2 Qe7 5.g3 Bxd2+ 6.Qxd2 d6 7.Bg2 e5 8.dxe5 dxe5
9.Nc3 O-O 10.e4 Bg4 11.Nh4 Nc6 12.h3 Rad8 13.Nd5 Nxd5 14.cxd5 Bc8 15.O-O Nd4
16.Kh2 c5 17.Nf3 b6 18.Nxd4 cxd4 19.h4 Bd7 20.Rfc1 Rc8 21.Bf1 Rxc1 22.Rxc1 Rc8
23.Rxc8+ Bxc8 24.Qc2 Qc5 25.Qa4 Kf8 26.b4 Qc1 27.Qb5 Qc2 28.d6 Bb7 29.Qd7 Qxf2+
30.Bg2 Qf6 31.Qc7  1-0

[Event "Calcutta op2"]
[Site "Calcutta"]
[Date "1994.??.??"]
[Round "?"]
[White "Saritha, M Reddy"]
[Black "Anilkumar, N R."]
[Result "1/2-1/2"]
[WhiteElo "2105"]
[BlackElo "2335"]

1.d4 Nf6 2.c4 e6 3.Nf3 Bb4+ 4.Bd2 Qe7 5.g3 Nc6 6.Bg2 Bxd2+ 7.Nbxd2 d6 8.O-O a5
9.e4 e5 10.d5 Nb8 11.Ne1 h5 12.h3 h4 13.g4 Nbd7 14.b3 O-O 15.a3 Nc5 16.b4 axb4
17.axb4 Rxa1 18.Qxa1 Na6 19.Nd3 Nd7  1/2-1/2

[Event "Calcutta op2"]
[Site "Calcutta"]
[Date "1994.??.??"]
[Round "?"]
[White "Ramesh, RB."]
[Black "Anilkumar, N R."]
[Result "1/2-1/2"]
[WhiteElo "2265"]
[BlackElo "2335"]

1.d4 Nf6 2.c4 e6 3.Nf3 Bb4+ 4.Bd2 Bxd2+ 5.Qxd2 O-O 6.g3 d6 7.Bg2 a5 8.Nc3 Nc6
9.O-O e5 10.dxe5 Nxe5 11.Nxe5 dxe5 12.Qxd8 Rxd8 13.Rfd1 Rf8 14.Nd5 c6 15.Nb6 Rb8
16.Rd6 Be6 17.Rad1 Rfc8 18.R6d3 Kf8 19.Ra3 Rd8 20.Re1 Nd7 21.Nxd7+ Rxd7 22.Rxa5 Bxc4
23.Rxe5 Bxa2 24.b4 Bc4 25.Re4 Bb5 26.Ra1 Rbd8 27.f4 Rd1+ 28.Rxd1 Rxd1+ 29.Kf2 f5
30.Re5 g6 31.e4 Rd2+ 32.Kg1 Rd1+  1/2-1/2

[Event "Cap d'Agde op"]
[Site "Cap d'Agde"]
[Date "1994.??.??"]
[Round "?"]
[White "Lukov, Valentin"]
[Black "Rashkovsky, Nukhim N"]
[Result "1/2-1/2"]
[WhiteElo "2400"]
[BlackElo "2510"]

1.d4 Nf6 2.c4 e6 3.Nf3 Bb4+ 4.Bd2 Qe7 5.g3 Nc6 6.Bg2 Bxd2+ 7.Nbxd2 a5 8.O-O d6
9.e4 e5 10.d5 Nb8 11.Ne1 O-O 12.Nd3 Na6 13.f4 c6 14.Qe2 Nb4 15.fxe5 dxe5
16.Kh1 Nc2 17.Rac1 Nd4 18.Qe1 c5 19.Nf3 Ng4 20.h3 Nxf3 21.Rxf3 Nh6 22.a4 f6
23.Qe3 b6 24.b3 Nf7 25.Kh2 Bd7 26.Re1 Nd6 27.h4 Rae8 28.Qg1 g5 29.hxg5 fxg5
30.Rxf8+ Rxf8 31.Qe3 h6 32.Rf1 Rxf1 33.Bxf1 Qf6 34.Bg2 g4 35.Qc1 h5 36.Kg1 Nf7
37.Qf1 Kg7 38.Qxf6+ Kxf6 39.Kf2 Nd6 40.Ke3 Be8 41.Bf1 Bg6 42.Nf2 Kg5 43.Be2 Be8
44.Nd3 Nf7 45.Kf2 h4 46.Kg2 Bd7 47.Kh2 Bc8 48.Kg2 Nd6 49.gxh4+ Kxh4 50.Nxe5 Nxe4
51.Bd3 Nd6 52.Ng6+ Kg5 53.Kg3 Bf5 54.Ne5 Bxd3 55.Nxd3 Ne4+ 56.Kg2 Kf5 57.Nf2 Nd2  1/2-1/2

[Event "Capablanca mem-A"]
[Site "?"]
[Date "1994.??.??"]
[Round "10"]
[White "Vera, Reynaldo"]
[Black "Nogueiras, Jesus"]
[Result "1/2-1/2"]
[WhiteElo "2500"]
[BlackElo "2550"]

1.d4 Nf6 2.Nf3 e6 3.c4 Bb4+ 4.Bd2 Qe7 5.g3 O-O 6.Bg2 Bxd2+ 7.Qxd2 d5 8.O-O Nbd7
9.Qc2 c6 10.Nbd2 b6 11.e4 dxe4 12.Nxe4 Bb7 13.Rfe1 Nxe4 14.Qxe4 Nf6  1/2-1/2

[Event "Capablanca mem-B"]
[Site "?"]
[Date "1994.??.??"]
[Round "13"]
[White "Servat, Roberto"]
[Black "Urday, Henry"]
[Result "1/2-1/2"]
[WhiteElo "2445"]
[BlackElo "2450"]

1.d4 Nf6 2.c4 e6 3.Nf3 Bb4+ 4.Bd2 a5 5.g3 b6 6.Bg2 Bb7 7.O-O O-O 8.Nc3 d6
9.Qc2 Nbd7 10.Rad1 Qe7 11.Rfe1 Bxc3 12.Bxc3  1/2-1/2

[Event "Cappelle op"]
[Site "Cappelle la Grande"]
[Date "1994.??.??"]
[Round "3"]
[White "Shneider, Aleksandr"]
[Black "Lukov, Valentin"]
[Result "1/2-1/2"]
[WhiteElo "2570"]
[BlackElo "2380"]

1.d4 Nf6 2.c4 e6 3.Nf3 Bb4+ 4.Bd2 Qe7 5.g3 Nc6 6.Nc3 d5 7.a3 Bxc3 8.Bxc3 O-O
9.Bg2 Ne4 10.Qd3 Rd8 11.Rc1 a5 12.O-O a4 13.Qc2 Nd6 14.c5 Ne4 15.Rfd1 b6
16.cxb6 cxb6 17.Ne5 Nxe5 18.Bxe4 dxe4 19.Qxe4 Rd5 20.dxe5 Bb7 21.Rxd5 Bxd5
22.Qb4 Qb7 23.f3 Qa6 24.Kf2 Bc4 25.Rc2 Rd8 26.Qe7 Qa8 27.h4 Rd1 28.h5 h6
29.Qb4 b5 30.Rd2 Rxd2 31.Bxd2 Qd5 32.Qd6 f5 33.Bb4 Kh7 34.Ke3 Qb7 35.Qd4 Qf7
36.g4 g6 37.hxg6+ Kxg6 38.gxf5+ Qxf5 39.Kf2 h5 40.Bd2 h4 41.Qxh4 Qxe5 42.Qh6+ Kf7
43.Qh7+ Ke8 44.Qg8+ Kd7 45.Qf7+ Kc6 46.Qe8+ Kc7  1/2-1/2

[Event "Cappelle op"]
[Site "Cappelle la Grande"]
[Date "1994.??.??"]
[Round "9"]
[White "Shneider, Aleksandr"]
[Black "Rytshagov, Mikhail"]
[Result "1/2-1/2"]
[WhiteElo "2570"]
[BlackElo "2470"]

1.d4 Nf6 2.c4 e6 3.Nf3 Bb4+ 4.Bd2 Qe7 5.g3 Nc6 6.Nc3 O-O 7.Bg2 Na5 8.b3 b6
9.O-O Bb7 10.Rc1 Rac8 11.Re1 d5 12.cxd5 exd5 13.Ne5 c5 14.e3 Rfd8 15.Rc2 Ba6
16.Ng4 Nxg4 17.Qxg4 Qe6 18.Qh3 Qxh3 19.Bxh3 Bxc3  1/2-1/2

[Event "Cappelle op"]
[Site "Cappelle la Grande"]
[Date "1994.??.??"]
[Round "9"]
[White "Naumkin, Igor"]
[Black "Ulibin, Mikhail"]
[Result "1/2-1/2"]
[WhiteElo "2455"]
[BlackElo "2515"]

1.d4 e6 2.c4 Nf6 3.Nf3 Bb4+ 4.Bd2 Qe7 5.g3 Nc6 6.Bg2 Bxd2+ 7.Nbxd2 d6 8.O-O a5
9.e4 e5 10.d5 Nb8 11.b3 O-O 12.Ne1 Na6 13.Nc2 Bg4 14.Bf3 Bd7 15.Ne3 c6 16.Qe2 Rfc8
17.Rfc1 g6 18.Bg2 Kg7 19.a3 Qd8 20.h4 h5 21.Rab1 cxd5 22.cxd5 b5 23.Qd1 Nc5
24.Rc2 Qb6 25.Qe2 Na6 26.b4 axb4 27.axb4 Qd4 28.Rcb2 Ra7 29.Nc2 Qb6 30.Nf1 Rac7
31.Nfe3 Rc3 32.Bf3 Ng4 33.Kg2 Nxe3+ 34.Nxe3 Ra3 35.Qd2 Rac3 36.Qe2 Qd4 37.Rd2 Qb6
38.Rdb2 Kg8 39.g4 Qd8 40.Rh1 hxg4 41.Bxg4 Rc1 42.Rh3 Ra1 43.Rc2 Rxc2 44.Qxc2 Nxb4
45.Qd2 Bxg4 46.Nxg4 Qc8 47.Nh6+ Kh7 48.Rf3 Qc4 49.Rxf7+ Kh8 50.Rf8+ Kh7 51.Rf7+  1/2-1/2

[Event "Cappelle op"]
[Site "Cappelle la Grande"]
[Date "1994.??.??"]
[Round "9"]
[White "Blizniuk, O."]
[Black "Jouravljev, Anatoly"]
[Result "1-0"]
[WhiteElo "2045"]
[BlackElo "2285"]

1.d4 Nf6 2.Nf3 e6 3.c4 Bb4+ 4.Bd2 a5 5.g3 d5 6.Qb3 Nc6 7.Bg2 dxc4 8.Qxc4 Qd5
9.Qxd5 exd5 10.O-O Bg4 11.Be3 O-O-O 12.Nc3 Rhe8 13.a3 Bxc3 14.bxc3 Ne4 15.Rac1 Nd6
16.Rc2 Nc4 17.Bc1 a4 18.Re1 f6 19.h3 Bf5 20.Ra2 N6a5 21.Nd2 c6 22.Nxc4 Nxc4
23.f3 Rd7 24.e4 Rde7 25.Rae2 dxe4 26.fxe4 Nd6 27.g4 Bg6 28.Bf4 Nxe4 29.Bxe4 Bxe4
30.Kf2 Kd7 31.Rb2 b5 32.Rbe2 g5 33.Bg3 Re6 34.Re3 f5 35.gxf5 Bxf5 36.Rxe6 Bxe6
37.Kg2 Bd5+ 38.Kg1 Be6 39.Kg2 Rf8 40.Re3 Bd5+ 41.Kg1 Bc4 42.Bf2 h6 43.Kg2 Rf4
44.Bg3 Bf1+ 45.Kg1 Rf7 46.Bf2 Bc4 47.Kg2 Bd5+ 48.Kg1 Be6 49.Kg2 h5 50.Kg1 h4
51.Kg2 Rf4 52.Kg1 g4 53.Bxh4 gxh3 54.Bg3 Rf7 55.Be5 Rh7 56.Kh2 Bf5 57.Bf4 Rf7
58.Kg1 Bg4 59.Bg3 Bf3 60.Re1 Bg2 61.Bf2 Kd6 62.Re5 h2+ 63.Kxg2 Rxf2+ 64.Kh1 Ra2
65.Rc5 Rxa3 66.Kxh2 Rb3  1-0

[Event "USA-op"]
[Site "Chicago"]
[Date "1994.??.??"]
[Round "8"]
[White "Martinovsky, Eugene"]
[Black "Orlov, Georgi"]
[Result "0-1"]
[WhiteElo "2340"]
[BlackElo "2510"]

1.d4 Nf6 2.c4 e6 3.Nf3 Bb4+ 4.Bd2 Qe7 5.g3 Nc6 6.Bg2 Bxd2+ 7.Nbxd2 d6 8.O-O a5
9.e4 e5 10.d5 Nb8 11.Qc2 O-O 12.b3 Bd7 13.a3 Na6 14.Ne1 c6 15.dxc6 Bxc6 16.Nd3 Nc5
17.Nxc5 dxc5 18.a4 Rfd8 19.Nb1 Rd4 20.Nc3 Qd6 21.Rad1 Re8 22.f3 Rd8 23.Nd5 Bxd5
24.Rxd4 cxd4 25.cxd5 Nd7 26.Rc1 b6 27.Bf1 Nc5 28.Bc4 h5 29.Qd2 Qg6 30.Kh1 h4
31.Rg1 hxg3 32.Rxg3 Qf6 33.Qg5 Qxg5 34.Rxg5 f6 35.Rg2 Kf8 36.Kg1 Rc8 37.Rc2 Ke7
38.Rg2 Kf8 39.Rc2 Rc7 40.h4 Nb7 41.Kf2 Ke7 42.Kg3 Nd6 43.Bd3 Rc3 44.Rxc3 dxc3
45.Kf2 b5 46.Ke2 b4 47.Ba6 f5 48.Bd3 Kf6 49.Ke3 f4+ 50.Kf2 Nb7 51.Bc2 Kg6
52.Kg2 Nc5 53.Kh2 Nd7 54.Kh3 Nf6 55.Bd3 Kf7 56.Kg2 Ke7 57.Kf2 Kd6 58.Ke2 Kc5
59.Bb5 Kd6 60.Bd3 Nd7 61.Kd1 Nf8 62.Kc1 Ng6 63.h5 Nf8 64.Bb5 Nh7 65.Be8 Ng5
66.h6 gxh6 67.Bh5 Nh7 68.Bg6 Nf6 69.Bf5 h5 70.Bg6 h4 71.Bf5 Nh7 72.Bh3 Ng5
73.Bg2 h3 74.Bh1 Nh7  0-1

[Event "Cordoba op"]
[Site "Cordoba"]
[Date "1994.??.??"]
[Round "5"]
[White "Peric, Slavisa"]
[Black "Adla, Diego"]
[Result "0-1"]
[WhiteElo "2275"]
[BlackElo "2430"]

1.d4 Nf6 2.c4 e6 3.Nf3 Bb4+ 4.Bd2 Qe7 5.g3 Nc6 6.Bg2 Bxd2+ 7.Nbxd2 d6 8.O-O O-O
9.Re1 e5 10.d5 Nb8 11.e4 a5 12.b3 Na6 13.a3 c6 14.b4 Bd7 15.Qb3 axb4 16.axb4 c5
17.b5 Nb4 18.Rec1 Nh5 19.Ne1 f5 20.Nd3 Nxd3 21.Qxd3 Qg5 22.exf5 Bxf5 23.Qe3 Qxe3
24.fxe3 Nf6 25.h3 Bd3 26.e4 Nd7 27.g4 Rxa1 28.Rxa1 Nb6 29.Ra7 Rf7 30.Bf1 Bxf1
31.Nxf1 Nxc4 32.Ra8+ Rf8 33.Ra7 Rb8 34.Kf2 Kf7 35.Ke2 Ke8 36.Kd3 Nb6 37.Ne3 Kd7
38.Nf5 g6 39.Ng7 Na8 40.Ra1 Nc7 41.Rf1 Ke7 42.b6 Nb5 43.Ne6 Ra8 44.Ng5 h6
45.Rf7+ Ke8 46.Rh7 Ra3+ 47.Kc4 hxg5 48.Kxb5 Rb3+ 49.Ka4 Rxb6 50.Rg7 Rb4+
51.Ka3 Rxe4 52.Rxb7 Rd4 53.Rg7 Rxd5 54.Rxg6 Rd3+ 55.Ka4 Kd7 56.Kb5 Rb3+ 57.Kc4 Rxh3
58.Rxg5 Kc6 59.Rg6 Rg3 60.g5 e4  0-1

[Event "CZE-ch"]
[Site "?"]
[Date "1994.??.??"]
[Round "8"]
[White "Polak, Tomas"]
[Black "Jurek, Josef"]
[Result "1/2-1/2"]
[WhiteElo "2410"]
[BlackElo "2280"]

1.d4 Nf6 2.c4 e6 3.Nf3 Bb4+ 4.Bd2 c5 5.Bxb4 cxb4 6.e3 O-O 7.Be2 d6 8.O-O Nc6
9.Nbd2 b6 10.Ne1 Bb7 11.Nd3 a5 12.Bf3 Qe7 13.d5 Nd8 14.dxe6 Nxe6 15.Bxb7 Qxb7
16.a3 bxa3 17.bxa3 Nd7 18.Rb1 Rfc8 19.Rb5 Qc6 20.Qb3 Nc7 21.Rg5 Ne6 22.Rb5 Nc7
23.Rf5 Ne6 24.Nf4 Nxf4 25.Rxf4 Nc5 26.Qc2 Ne6 27.Rh4 h6 28.Qf5 Qc5 29.Qxc5 dxc5
30.Ne4 Rd8 31.f4 Rd3 32.f5 Ng5 33.f6 Re8 34.Ng3 g6 35.Rxh6 Rexe3 36.Rf4 Rd4
37.Rxd4 cxd4 38.Rh4 Ne6 39.Ne4 d3 40.Kf2 Re2+ 41.Kf1 Rc2 42.Nd6 g5 43.Rh6 Nf8
44.Nc8 Ng6 45.Ke1 Rxc4 46.Nxb6 Rc2 47.g3 Ne5 48.Nd5 Nf3+ 49.Kd1 Rd2+ 50.Kc1 Rc2+
51.Kd1 Rd2+ 52.Kc1 Rc2+ 53.Kd1 Rxh2 54.Rxh2 Nxh2 55.Kd2 Nf1+ 56.Kxd3 Nxg3
57.Kc4 Ne4 58.Kb5 g4 59.Kxa5 g3 60.Nf4 Nxf6 61.Kb5 Nd5  1/2-1/2

[Event "CZE-ch"]
[Site "?"]
[Date "1994.??.??"]
[Round "8"]
[White "Jurasek, Miroslav"]
[Black "Havranek, Miroslav"]
[Result "1/2-1/2"]
[WhiteElo "2350"]
[BlackElo "2340"]

1.d4 Nf6 2.Nf3 e6 3.c4 Bb4+ 4.Bd2 c5 5.Bxb4 cxb4 6.a3 bxa3 7.Rxa3 O-O 8.Nc3 d5
9.e3 b6 10.Be2 Bb7 11.O-O Nc6 12.Qb1 Qe7 13.Rc1 Rfd8 14.Na2 dxc4 15.Bxc4 Na5
16.Be2 Be4 17.Qa1 Bd5 18.Nc3 Bb7 19.Nb5 Nd5 20.Nc3  1/2-1/2

[Event "CZE-chT"]
[Site "?"]
[Date "1994.??.??"]
[Round "?"]
[White "Sobek, Jaroslav"]
[Black "Chloupek, Stanislav"]
[Result "1/2-1/2"]
[WhiteElo "2270"]
[BlackElo "2310"]

1.d4 Nf6 2.c4 e6 3.Nf3 Bb4+ 4.Bd2 Bxd2+ 5.Qxd2 O-O 6.Nc3 d6 7.g3 Nc6 8.Bg2 e5
9.O-O Bg4 10.dxe5 Nxe5 11.Nxe5 dxe5 12.Rfd1 c6 13.Qxd8 Rfxd8 14.Kf1 Kf8 15.Ke1 Ke7
16.b3 Bf5 17.Rxd8 Rxd8 18.Rd1 Rxd1+ 19.Nxd1 Kd6 20.Kd2 a5 21.a3  1/2-1/2

[Event "Eger"]
[Site "Eger"]
[Date "1994.??.??"]
[Round "9"]
[White "Borne, Niels"]
[Black "Krumpacnik, Domen"]
[Result "1/2-1/2"]
[WhiteElo "2290"]
[BlackElo "2405"]

1.d4 Nf6 2.c4 e6 3.Nf3 Bb4+ 4.Bd2 Qe7 5.g3 O-O 6.Bg2 Bxd2+ 7.Qxd2 Ne4 8.Qc2 Qb4+
9.Nbd2 Nxd2 10.Nxd2 Re8 11.O-O e5 12.Nf3 exd4 13.Nxd4 Nc6 14.Nb5 Qa5 15.Qc3 Qxc3
16.Nxc3 Nd4 17.e3 Ne6 18.f4 d6 19.Rad1 Bd7 20.f5 Nf8 21.Nd5 Rac8 22.f6 Ng6
23.fxg7 Re6 24.Nf6+ Rxf6 25.Rxf6 b6 26.Bd5 Ne5 27.Rdf1 Bh3 28.Rxf7 c6 29.Rc7+ cxd5
30.Rxc8+ Bxc8 31.Rf8+ Kxg7 32.Rxc8 dxc4 33.Rc7+ Kf6 34.e4 b5 35.b3 a5 36.Kf2 cxb3
37.axb3 Nd3+ 38.Ke3 Nc5 39.b4 axb4 40.Rc6 Ke5 41.Rb6 Nxe4 42.Rxb5+ d5 43.Rxb4 h5
44.Rb7 Nf6 45.Rg7 Ng4+ 46.Ke2 Nxh2 47.Rg5+ Ke4 48.Rxh5 Nf3 49.Rh8 d4 50.Rf8 d3+
51.Kf2 Nd4 52.Re8+ Kd5 53.Re1 Ne2 54.Ra1 Ke4 55.Ra4+ Nd4 56.Ra2 Nc2 57.Ra4+ Nd4
58.Ra2 Ne2 59.Rb2 Nd4 60.Rd2 Ne2 61.Ra2 Nc3 62.Rd2 Kd4 63.Kf3 Ne4 64.Rg2 d2
65.Ke2 Ke5 66.Rg1 Kf5 67.Rf1+ Kg5 68.Rf3 Kh5 69.Re3 Nf2 70.Kxd2 Kg4 71.Ke2 Nh1
72.Re4+ Kxg3 73.Ra4 Nf2 74.Ra3+ Kg2 75.Ra8 Ng4 76.Rg8 Kg3  1/2-1/2

[Event "RUS-ch"]
[Site "Elista"]
[Date "1994.??.??"]
[Round "3"]
[White "Makarov, Marat"]
[Black "Khasin, Alexander"]
[Result "1/2-1/2"]
[WhiteElo "2525"]
[BlackElo "2470"]

1.d4 Nf6 2.Nf3 e6 3.c4 Bb4+ 4.Bd2 Qe7 5.g3 Nc6 6.Bg2 Bxd2+ 7.Nbxd2 a5 8.O-O d6
9.e4 e5 10.d5 Nb8 11.Ne1  1/2-1/2

[Event "RUS-ch"]
[Site "Elista"]
[Date "1994.??.??"]
[Round "8"]
[White "Kharitonov, Andrei Y"]
[Black "Kiriakov, Petr"]
[Result "1-0"]
[WhiteElo "2535"]
[BlackElo "2475"]

1.d4 e6 2.c4 Nf6 3.Nf3 Bb4+ 4.Bd2 Qe7 5.g3 Nc6 6.Nc3 Bxc3 7.Bxc3 d6 8.d5 Nd8
9.Bg2 O-O 10.Nd2 Re8 11.O-O exd5 12.cxd5 Qxe2 13.Qxe2 Rxe2 14.Rfe1 Rxe1+
15.Rxe1 Kf8 16.Bxf6 gxf6 17.Ne4 Kg7 18.Nc3 c6 19.Rd1 cxd5 20.Rxd5 Be6 21.Rxd6 Rc8
22.f4 Kf8 23.Kf2 b6 24.Ke3 h6 25.Kd2 Ke7 26.Rd3 Nc6 27.Nd5+ Kf8 28.Rc3 Bxd5
29.Bxd5 Rd8 30.Rxc6 Rxd5+ 31.Kc3 Rh5 32.h4 Ra5 33.a3 Ke7 34.Kb4 h5 35.a4 Ra6
36.b3 Ra5 37.Kc4 Ra6 38.Kd4 Ra5 39.Ke4 f5+ 40.Kd4 f6 41.Kc4 Kf7 42.Kc3 Ke7
43.Kd4 Ra6 44.Kc3 Ra5 45.Kb4 Kf7 46.Rc7+ Ke6 47.Rh7 Kd6 48.Rxh5 Rc5 49.Rh7 a5+
50.Ka3 b5 51.axb5 Rxb5 52.h5 Rb8 53.h6  1-0

[Event "Petrosian mem"]
[Site "Erevan"]
[Date "1994.??.??"]
[Round "?"]
[White "Akopian, Vladimir"]
[Black "Taimanov, Mark E"]
[Result "1-0"]
[WhiteElo "2605"]
[BlackElo "2505"]

1.d4 Nf6 2.c4 e6 3.Nf3 Bb4+ 4.Bd2 a5 5.g3 d5 6.Qc2 Nc6 7.Bg2 dxc4 8.Qxc4 Qd5
9.Qd3 Qe4 10.Qxe4 Nxe4 11.a3 Bd6 12.Bf4 g5 13.Be3 h6 14.Ne5 f5 15.Nxc6 bxc6
16.Nc3 Rb8 17.Nxe4 fxe4 18.O-O-O Ba6 19.Rd2 Bc4 20.Bxe4 Bd5 21.Bxd5 cxd5
22.h4 g4 23.h5 Be7 24.Bf4 Kd7 25.e4 dxe4 26.Re1 Rb5 27.Rxe4 Rxh5 28.Rde2 Bd6
29.Bd2 Rf8 30.Rxg4 Rh2 31.Be1 Rf6 32.Rge4 Rh5 33.Kc2 Rb5 34.a4 Rd5 35.f4 h5
36.Rh2 Rg6 37.Rh3 Rg8 38.Bc3 Rf5 39.Re2 h4 40.gxh4 Bxf4 41.Rf2 Rg4 42.Kd3 Kc6
43.h5 Bh6 44.Rxf5 exf5 45.Bxa5 Kd5 46.Bc3 f4 47.a5 Rg1 48.Bd2 Rg2 49.Rf3 Rg8
50.Bxf4 Rf8 51.Ke3 Re8+ 52.Kf2 Rh8 53.Bxh6 Rxh6 54.Rf5+ Kxd4 55.Kf3 c5 56.Kg4  1-0

[Event "FRA-chT "]
[Site "FRA"]
[Date "1994.??.??"]
[Round "?"]
[White "Haik, Aldo"]
[Black "Bex, Pierre Alain"]
[Result "1-0"]
[WhiteElo "2410"]
[BlackElo "2195"]

1.d4 Nf6 2.c4 e6 3.Nf3 Bb4+ 4.Bd2 Qe7 5.g3 Nc6 6.Bg2 O-O 7.O-O Bxd2 8.Qxd2 d6
9.Nc3 a5 10.Rac1 Re8 11.e4 e5 12.d5 Nb8 13.Ne1 Na6 14.Nc2 Nc5 15.Ne3 g6 16.Qc2 Kg7
17.Rce1 Rf8 18.f4 exf4 19.gxf4 Re8 20.Qd2 Bd7 21.Nc2 Ng4 22.Nd4 a4 23.h3 Nh6
24.e5 Nf5 25.Nf3 h6 26.Nd4 Qh4 27.Nxf5+ Bxf5 28.Nb5 Qd8 29.Re3 Qd7 30.b4 axb3
31.axb3 Kh7 32.Rfe1 Na6 33.Nd4 Rab8 34.Kh2 Nc5 35.Rg3 Ra8 36.b4 Na4 37.e6 fxe6
38.dxe6 Qc8 39.Nxf5 gxf5 40.Qd4 Rg8  1-0

[Event "FRA-chT "]
[Site "FRA"]
[Date "1994.??.??"]
[Round "2"]
[White "Tasic, Branislav"]
[Black "Spassky, Boris V"]
[Result "1/2-1/2"]
[WhiteElo "2290"]
[BlackElo "2565"]

1.d4 Nf6 2.c4 e6 3.Nf3 Bb4+ 4.Bd2 Bxd2+ 5.Qxd2 d5 6.g3 O-O 7.Bg2 Nbd7 8.O-O c6
9.Rc1 b6 10.Qe3 Bb7 11.Nbd2 c5 12.dxc5 bxc5 13.cxd5 exd5 14.Qa3 Qb6 15.Rab1 a5
16.Qa4 c4 17.b3 Nc5 18.Qa3 c3 19.Rxc3 Nce4 20.Nxe4 Nxe4 21.Re3 Rae8 22.Qc1 d4
23.Rd3 Nc3 24.Nxd4 Nxb1 25.Qxb1 Bxg2 26.Kxg2 g6 27.Qd1 Re5 28.e3 Rc8 29.a4 Rec5
30.Qf3 Rc3 31.Rxc3 Rxc3 32.Qe4  1/2-1/2

[Event "FRA-chT "]
[Site "FRA"]
[Date "1994.??.??"]
[Round "6"]
[White "Laclau, Daniel"]
[Black "Randrianary, Nirina"]
[Result "1-0"]
[WhiteElo "2245"]
[BlackElo "2090"]

1.d4 Nf6 2.c4 e6 3.Nf3 Bb4+ 4.Bd2 a5 5.g3 O-O 6.Bg2 d6 7.O-O Bxd2 8.Qxd2 Nbd7
9.Nc3 c6 10.Rfd1 Qe7 11.e4 e5 12.d5 c5 13.Bh3 Rd8 14.Nh4 Ne8 15.Rf1 Nf8 16.Bxc8 Rdxc8
17.Rae1 g6 18.Ng2 Nc7 19.h4 Rd8 20.f4 f6 21.Ne3 Nd7 22.Rf2 Rf8 23.Qe2 Kg7
24.Qg4 Rf7 25.Nf5+  1-0

[Event "FRA-chT "]
[Site "FRA"]
[Date "1994.??.??"]
[Round "8"]
[White "Bricard, Emmanuel"]
[Black "Letreguilly, Olivier"]
[Result "1-0"]
[WhiteElo "2415"]
[BlackElo "2315"]

1.d4 Nf6 2.c4 e6 3.Nf3 Bb4+ 4.Bd2 Qe7 5.g3 O-O 6.Bg2 Bxd2+ 7.Qxd2 d6 8.Nc3 Re8
9.O-O e5 10.d5 a5 11.e4 Na6 12.Nh4 Nd7 13.Nf5 Qf8 14.Rae1 h6 15.b3 Kh7 16.Nb5 b6
17.a3 g6 18.Ne3 Qg7 19.b4 axb4 20.axb4 Rf8 21.Kh1 Rb8 22.Ra1 Nf6 23.Ra3 Bb7
24.Rfa1 Ra8 25.f3 Ne8 26.Bh3 Qf6 27.Nc2 Qe7 28.Nc3 Ng7 29.Bf1 Rfb8 30.Ra4 f5
31.Bd3 fxe4 32.fxe4 Rf8 33.Qe2 Rf7 34.b5 Nc5 35.Rxa8 Bxa8 36.Rxa8 Qg5 37.Ra1 Nh5
38.Rg1 Rf8 39.Nb4 Kg7 40.Na6 Nb3 41.Nxc7  1-0

[Event "FRA-chT "]
[Site "FRA"]
[Date "1994.??.??"]
[Round "9"]
[White "Nadin, Stefanie"]
[Black "Gervais, Claire"]
[Result "1/2-1/2"]
[WhiteElo "1710"]
[BlackElo "2245"]

1.d4 e6 2.c4 Nf6 3.Nf3 Bb4+ 4.Bd2 Qe7 5.Qc2 b6 6.e4 Bb7 7.Bd3 Na6 8.a3 Bxd2+
9.Nbxd2 Nh5 10.e5 f5 11.exf6 gxf6 12.O-O-O O-O-O 13.Be4 f5 14.Bxb7+ Kxb7
15.Rhe1 Qg7 16.g3 Nf6 17.Ne5 Ng4 18.Ndf3 Rhe8 19.Qd2 h6 20.Nxg4 fxg4 21.Ng1  1/2-1/2

[Event "Frydek-Mistek op"]
[Site "Frydek-Mistek"]
[Date "1994.??.??"]
[Round "?"]
[White "Jirovsky, Pavel"]
[Black "Kubala, Martin"]
[Result "1/2-1/2"]
[WhiteElo "2335"]
[BlackElo "2180"]

1.d4 e6 2.Nf3 Nf6 3.c4 Bb4+ 4.Bd2 Qe7 5.g3 b6 6.Bg2 Bb7 7.O-O Bxd2 8.Qxd2 d6
9.Nc3 Ne4 10.Nxe4 Bxe4 11.Rac1 Nd7 12.Rfd1 a5 13.Qe3 Bb7 14.a3 a4 15.Ne1 Bxg2
16.Nxg2 O-O 17.Nf4 Qg5 18.h4 Qh6 19.Kg2 e5 20.dxe5 Nxe5 21.Nd5 Qxe3 22.Nxe3 Ra5
23.Rd5 Rfa8 24.f4 Nd7 25.Kf3 Kf8 26.Nd1 Rc5 27.e4 Raa5 28.Ne3 Rxd5 29.Nxd5 Rc5
30.Rc3 f6 31.Ke3 Kf7 32.Kd3 Kg6 33.Ke3 Kf7  1/2-1/2

[Event "Gausdal Int"]
[Site "Gausdal"]
[Date "1994.??.??"]
[Round "6"]
[White "Scholseth, Tor Kristian"]
[Black "Fyllingen, Roy Harald"]
[Result "1/2-1/2"]
[WhiteElo "2295"]
[BlackElo "2335"]

1.d4 Nf6 2.c4 e6 3.Nf3 Bb4+ 4.Bd2 a5 5.Nc3 b6 6.e3 Ba6 7.Bd3 d5 8.Qe2 O-O
9.O-O Nbd7 10.Rac1 c6 11.a3 Bxc3 12.Bxc3 Rc8 13.Rfd1 Qe7 14.Nd2 e5 15.dxe5 Nxe5
16.Bxe5 Qxe5 17.Nf3 Qe7 18.cxd5 Bxd3 19.Qxd3 cxd5 20.Qb5 Qd6 21.h3 g6 22.Nd4 Rc5
23.Rxc5 bxc5 24.Nc6 Kg7 25.Nxa5 Rb8 26.Qe2 Qc7 27.Qd2 Qb6 28.b4 cxb4 29.axb4 Qxb4
30.Nc6 Qxd2 31.Rxd2 Rb1+ 32.Kh2 Rc1 33.Nb4 Ne4 34.Ra2 Rd1 35.f3 Nd2 36.Kg3 Nc4
37.Kf2 h5 38.Ke2 Rg1 39.Kf2 Rd1 40.Ke2 Rg1  1/2-1/2

[Event "Gausdal Int"]
[Site "Gausdal"]
[Date "1994.??.??"]
[Round "7"]
[White "Tregubov, Pavel V"]
[Black "Nielsen, Peter Heine"]
[Result "0-1"]
[WhiteElo "2545"]
[BlackElo "2485"]

1.d4 e6 2.Nf3 Nf6 3.c4 Bb4+ 4.Bd2 Bxd2+ 5.Nfxd2 d5 6.Nc3 O-O 7.e3 Qe7 8.Rc1 Rd8
9.Qb3 a6 10.Be2 dxc4 11.Nxc4 b5 12.Na5 c5 13.dxc5 Qxc5 14.Bf3 Ra7 15.O-O b4
16.Nc4 Bd7 17.Na4 Bxa4 18.Qxa4 Rc7 19.Be2 h6 20.Rc2 Nd5 21.Rfc1 Rdc8 22.g3 Nd7
23.Ne5 Nc3 24.bxc3 Nxe5 25.cxb4 Qxc2 26.Rxc2 Rxc2 27.Qxa6 Rd8 28.Qb5 Rdd2
29.Qb8+ Kh7 30.Bh5 f6 31.Qb7 Rxf2 32.Qe4+ g6 33.Qb7+ Kg8 34.Qa8+ Kg7 35.Qb7+ Nf7
36.Bd1 Rb2 37.Qc7 Rg2+ 38.Kf1 Rxh2 39.Qc6 h5 40.Kg1 Rhd2 41.Qc1 Ng5  0-1

[Event "Gausdal Int"]
[Site "Gausdal"]
[Date "1994.??.??"]
[Round "7"]
[White "Gretarsson, Helgi Ass"]
[Black "Schmittdiel, Eckhard"]
[Result "1/2-1/2"]
[WhiteElo "2450"]
[BlackElo "2495"]

1.d4 Nf6 2.c4 e6 3.Nf3 Bb4+ 4.Bd2 c5 5.Bxb4 cxb4 6.g3 O-O 7.Bg2 d6 8.Nbd2 Qe7
9.Nf1 b6 10.Ne3 Bb7 11.O-O g6 12.a3 bxa3 13.b4 Nc6 14.b5 Na5 15.Qa4 Rac8
16.Rxa3 e5 17.Rd1 Ne4 18.Qb4 Rfe8 19.Qb2 Ba8 20.Qa2 h5 21.Bh3 Rc7 22.Qa1 Qf6
23.dxe5 dxe5 24.Nd5 Bxd5 25.cxd5 Nd6 26.Re3 Nac4 27.Rc3 Rc5 28.Bd7 Re7 29.Bc6 Ne4
30.Rc2 g5 31.d6 Nexd6 32.Qc1 e4 33.Nd4 e3 34.f3 g4 35.f4 a6 36.Nb3 Rxb5 37.Bxb5 axb5
38.Qa1 Qe6 39.Qa8+ Re8 40.Qd5 Qg6 41.Rc3 Ne4 42.Rcc1 Nf2 43.Rd4 Na3 44.Qc6 Qxc6
45.Rxc6 Nc4 46.Rd5 Ra8 47.Rxb5 Nd2 48.Rc1 Ra2 49.Ra1 Nf3+ 50.Kf1 Nxh2+ 51.Kg2 Rxe2
52.Nd4 Rd2 53.Ra8+ Kg7 54.Rg5+ Kf6 55.Rf5+ Kg7 56.Rg5+ Kf6 57.Rf5+ Kg7 58.Rg5+  1/2-1/2

[Event "Gausdal Int"]
[Site "Gausdal"]
[Date "1994.??.??"]
[Round "8"]
[White "Titzhoff, Frank"]
[Black "Fyllingen, Roy Harald"]
[Result "0-1"]
[WhiteElo "2155"]
[BlackElo "2335"]

1.d4 Nf6 2.c4 e6 3.Nf3 Bb4+ 4.Bd2 a5 5.g3 d6 6.Bg2 Nbd7 7.Nc3 Qe7 8.a3 Bxc3
9.Bxc3 O-O 10.O-O e5 11.dxe5 dxe5 12.e3 a4 13.Qc2 Re8 14.Rad1 Qe6 15.Qe2 c5
16.e4 b6 17.Rfe1 Ba6 18.Bf1 Bb7 19.Ng5 Qe7 20.f3 Nb8 21.Qd2 h6 22.Nh3 Nc6
23.Qd6 Nd4 24.Qxe7 Rxe7 25.Bxd4 cxd4 26.Nf2 Nd7 27.Nd3 Nc5 28.Nb4 Ba6 29.Nd5 Rb7
30.Rd2 Rc8 31.Nb4 f6 32.Bh3 Re8 33.Bf1 Kf7 34.Kf2 Ke6 35.Nd5 Kd6 36.Nb4 Rbb8
37.Nd5 Bc8 38.Be2 Be6 39.Nc3 Rec8 40.Nb5+ Ke7 41.Bf1 Nb3 42.Rc2 Rc5 43.Bd3 Bd7
44.Ree2 Bxb5 45.cxb5 Nc1 46.Rcd2 Nxe2 47.Kxe2 Rbc8 48.Kf2 Rc1 49.Kg2 R8c5
50.Kh3 Ke6 51.Kg4 g6 52.Kh4 f5 53.exf5+ gxf5 54.g4 fxg4 55.fxg4 Kd5 56.Re2 Rd1
57.Be4+ Kc4 58.Bc2 d3 59.Bxd1 dxe2 60.Bxe2+ Kd4 61.Kg3 Rc2 62.Kf2 Rxb2 63.h4 Ke4
64.Kf1 Rb3  0-1

[Event "Gausdal Int"]
[Site "Gausdal"]
[Date "1994.??.??"]
[Round "8"]
[White "Tregubov, Pavel V"]
[Black "Brekke, Oystein"]
[Result "1-0"]
[WhiteElo "2545"]
[BlackElo "2215"]

1.d4 Nf6 2.Nf3 e6 3.c4 Bb4+ 4.Bd2 Qe7 5.g3 Nc6 6.Nc3 Bxc3 7.Bxc3 Ne4 8.Rc1 d6
9.Bg2 O-O 10.O-O Nxc3 11.Rxc3 a5 12.d5 Nd8 13.dxe6 Nxe6 14.Nd4 Nxd4 15.Qxd4 Qxe2
16.Re3 Qh5 17.Re7 c5 18.Qxd6 Be6 19.b3 a4 20.Rc7 Ra6 21.Qxc5 Qxc5 22.Rxc5 axb3
23.axb3 Rb6 24.Rb1 Rd8 25.f4 Rb4 26.f5 b6 27.Re5 Bxc4 28.Rbe1 Bb5 29.Bf1 Bc6
30.Re7 h5 31.Bc4 h4 32.Bxf7+ Kf8 33.Bg6 Rxb3 34.Rf7+ Kg8 35.Rc7 Rc3 36.Be8 Rd6
37.Rc8 Rf6 38.Bxc6+ Kh7 39.Re4 Rc1+ 40.Kg2 h3+ 41.Kxh3 Rh6+ 42.Rh4  1-0